000 00304nam a2200133Ia 4500
005 20251222154404.0
008 251222s9999||||xx |||||||||||||| ||spa||
020 _a84-8280-333-6
082 _a858.9/P31P/1984
100 _aPavese, Cesaré
245 0 _aLa Playa
264 _bOveja Negra
942 _cLIB
999 _c35388
_d35388